00463nam a22001097a 4500008004100000040005500041080002500096245014100121260006700262300001000329650001400339230420b |||||||| |||| 00| 0 eng d aNational Science LibrarycNational Science Library a378:62(73)(047)bAme aGeneral education in engineering: bA report of the humanistic social research projectc/ The American Society for engineering Education aUSA: bThe American Scociety for engineering Education, c1956 a122p. aEducation